00634cam a2200181 a 4500020001500000020002200015040000800037082002400045245004800069246003600117246001800153250001200171260003200183300008600215500010900301650002400410700001800434 a0393968030 a0393968081 (pbk.) cDLC00a820.8 ABR 1996 A00104aThe Norton anthology of English literature.30aAnthology of English literature30aMajor authors a6th ed. aNew York :bNorton,cc1996. axxxv, 2667 p. :bill., col. maps ;c24 cm. +e2 sound discs (digital ; 4 3/4 in.) aColored maps of England from Chaucer to Johnson and England in the 19th and 20th centuries on endpapers. 0aEnglish literature.1 aAbrams, M. H.